000 00564cam a22001933a 4500
001 43996
003 PGUSA
005 20140828084013.0
008 131022s2013||||xxu|||||s|||||000 | eng d
040 _aPGUSA
_beng
042 _adc
245 1 4 _aThe American Joe Miller :
_bA Collection of Yankee Wit and Humor
_h[electronic resource] /
_cVarious
260 _bProject Gutenberg,
_c2013
506 _aPublic domain in the USA.
516 _aElectronic text
830 0 _aProject Gutenberg
_v43996
856 4 0 _uhttp://www.gutenberg.org/ebooks/43996
942 _cEB
999 _c273247
_d273247